BIBLIOTECA

SENCICO

Evaluación de proyectos para ingenieros / (Registro nro. 130)

Detalles MARC
000 -LEADER
fixed length control field 00935nam a2200253Ia 4500
003 - CONTROL NUMBER IDENTIFIER
control field PE SENCICO BE
005 - DATE AND TIME OF LATEST TRANSACTION
control field 20251020182427.0
008 - FIXED-LENGTH DATA ELEMENTS--GENERAL INFORMATION
fixed length control field 200515s9999 xx 000 0 und d
020 ## - INTERNATIONAL STANDARD BOOK NUMBER
International Standard Book Number 978-958-648-478-7
040 ## - CATALOGING SOURCE
Original cataloging agency PE SENCICO BE
Transcribing agency PE SENCICO BE
041 ## - LANGUAGE CODE
Language code of text/sound track or separate title spa
082 ## - DEWEY DECIMAL CLASSIFICATION NUMBER
Classification number 658.404
Item number R77
100 1# - MAIN ENTRY--PERSONAL NAME
Personal name Rojas López, Miguel David
9 (RLIN) 1309
Relator term autor
245 10 - TITLE STATEMENT
Title Evaluación de proyectos para ingenieros /
Statement of responsibility, etc. Miguel David Rojas López
250 ## - EDITION STATEMENT
Edition statement 1a ed.
260 ## - PUBLICATION, DISTRIBUTION, ETC.
Place of publication, distribution, etc. Bogotá, D.C. :
Name of publisher, distributor, etc. Ecoe ediciones ;
Date of publication, distribution, etc. 2007
300 ## - PHYSICAL DESCRIPTION
Extent 245 p. :
Other physical details tbl., graf. ;
Dimensions 24 cm.
490 ## - SERIES STATEMENT
Series statement Textos universitarios
505 0# - FORMATTED CONTENTS NOTE
Formatted contents note Evaluación de proyectos -- Estudios necesarios -- Equivalencias financieras -- Criterios de evaluación -- Evaluación de proyectos con inflación.
650 10 - SUBJECT ADDED ENTRY--TOPICAL TERM
Topical term or geographic name entry element Evaluación de proyectos
9 (RLIN) 14
650 20 - SUBJECT ADDED ENTRY--TOPICAL TERM
Topical term or geographic name entry element Administración de proyectos
9 (RLIN) 149
650 20 - SUBJECT ADDED ENTRY--TOPICAL TERM
Topical term or geographic name entry element Financiamiento de proyectos
9 (RLIN) 2269
942 ## - ADDED ENTRY ELEMENTS (KOHA)
Koha item type Libros
Source of classification or shelving scheme Dewey Decimal Classification
Existencias
Fecha de la última vez que lo usaron Número de ingreso o de inventario Pago total Signatura topográfica completa Código de barras Precio efectivo desde Tipo de documento Estado perdido Sistema de clasificación Estado dañado No es para préstamo Retirado Ubicación permanente Ubicación actual Fecha de adquisición
15/05/2020 15201   658.404/R77 BibLima24060021 15/05/2020 Libros   Dewey Decimal Classification       Biblioteca Central Lima Biblioteca Central Lima 15/05/2020
29/12/2025     658.404/R77 BibZtruj25122596 29/12/2025 Libros   Dewey Decimal Classification       Biblioteca Trujillo Biblioteca Trujillo 29/12/2025